000 00462nam a2200157Ia 4500
001 15519
008 140403s9999 xx 000 0 und d
040 _cPK-LaUMT
082 _a 297.4
_bMUH-H
100 _aMuhammad Ashraf Ali Thanavi
245 _aKhutbaat-e-Hakim-ul-Ummat Haqeeqat-e-Tassawwaf-O-Taqwa
_cMuhammad Ashraf Ali Thanavi
260 _aMultan,Pakistan:
_bIdarah-e-Taleef-e-Ashrafia,
_c1994
300 _a559 (vol)
546 _aAR; UR
942 _cBK
999 _c16015
_d16015